[Event "MONTCADA"]
[Site "?"]
[Date "2015.06.26"]
[Round "2.10"]
[White "Swapnil, S."]
[Black "Perez Garcia, A."]
[Result "1-0"]
[BlackElo "2311"]
[WhiteElo "2453"]
[LiveChessVersion "1.4.6"]

1. d4 {[%clk 1:30:56]} d5 {[%clk 1:30:50]} 2. Nf3 {[%clk 1:31:04]} Nf6
{[%clk 1:31:04]} 3. c4 {[%clk 1:31:27]} c6 {[%clk 1:31:08]} 4. g3
{[%clk 1:31:50]} Bg4 {[%clk 1:30:23]} 5. Ne5 {[%clk 1:32:11]} Bf5
{[%clk 1:28:17]} 6. cxd5 {[%clk 1:31:26]} cxd5 {[%clk 1:26:39]} 7. Nc3
{[%clk 1:31:49]} Nc6 {[%clk 1:24:33]} 8. f3 {[%clk 1:31:49]} e6 {[%clk 1:19:10]}
9. g4 {[%clk 1:31:18]} Nxg4 {[%clk 1:10:54]} 10. fxg4 {[%clk 1:04:12]} Nxe5
{[%clk 1:03:05]} 11. dxe5 {[%clk 1:04:15]} Qh4+ {[%clk 1:02:21]} 12. Kd2
{[%clk 1:04:40]} Qxg4 {[%clk 0:58:21]} 13. e3 {[%clk 1:05:04]} Qxd1+
{[%clk 0:55:56]} 14. Kxd1 {[%clk 1:05:33]} O-O-O {[%clk 0:55:06]} 15. Nb5
{[%clk 1:03:46]} d4 {[%clk 0:51:18]} 16. Nxd4 {[%clk 0:46:45]} Bc5
{[%clk 0:49:32]} 17. Ke1 {[%clk 0:45:58]} Bxd4 {[%clk 0:43:58]} 18. exd4
{[%clk 0:46:27]} Rxd4 {[%clk 0:44:15]} 19. Be3 {[%clk 0:46:51]} Rb4
{[%clk 0:40:46]} 20. b3 {[%clk 0:42:52]} Rd8 {[%clk 0:36:44]} 21. Bc4
{[%clk 0:40:09]} b5 {[%clk 0:34:35]} 22. Bc5 {[%clk 0:39:54]} bxc4
{[%clk 0:31:51]} 23. Bxb4 {[%clk 0:40:20]} cxb3 {[%clk 0:32:00]} 24. axb3
{[%clk 0:40:44]} Rd3 {[%clk 0:31:36]} 25. Rc1+ {[%clk 0:39:15]} Kb7
{[%clk 0:31:49]} 26. Rc3 {[%clk 0:37:27]} Rd4 {[%clk 0:31:14]} 27. Bc5
{[%clk 0:36:35]} Rd5 {[%clk 0:31:25]} 28. Kf2 {[%clk 0:36:51]} Rxe5
{[%clk 0:30:57]} 29. Ra1 {[%clk 0:36:57]} a6 {[%clk 0:31:10]} 30. Rd1
{[%clk 0:36:01]} 1-0